| 000 | 00983nam2a22002651 4500 | ||
|---|---|---|---|
| 001 | rc\675732 | ||
| 005 | 20031121165809.0 | ||
| 035 | _a(NLR Aleph) 005953427 | ||
| 090 |
_a6785115 _c6785115 |
||
| 100 | _a20031121d1986 u |0rusy50 ca | ||
| 101 | 0 | _arus | |
| 102 | _aRU | ||
| 105 | _ay ||||||||| | ||
| 200 | 0 |
_a[За 2-е полугодие 1985 г. _fСост. В.Р. Воцкая, Н.М. Аббясова] |
|
| 210 | _d1986 | ||
| 215 | _a31, [1] с. | ||
| 461 | 0 |
_1001rc\675731 _12001#$aНовое в сельскохозяйственной науке и практике$eРек. библиогр. указ.$fГос. агропром. ком. КиргССР, Респ. науч. с.-х. б-ка (с метод. центром НТИ)$v[За 2-е полугодие 1985 г. |
|
| 702 | 1 |
_aВоцкая _bВ. Р. _4220 |
|
| 801 | 0 |
_aRU _bNLR _gpsbo |
|
| 801 | 1 |
_aRU _bELAR _2rusmarc |
|
| 852 |
_aNLR _bОНЛ |
||
| 852 |
_aNLR _jОНЛ |
||
| 942 | _cBOOK | ||
| 980 | _aNB | ||